Development strategies for the 1980's : report of the Asian Productivity Congress, Hong Kong, 27-30 October 1980.

Bibliographic Details
Format: Book
Published: Tokyo : Asian Productivity Organization , 1981.
Subjects:

MARC

LEADER 00000cam a2200000 7i4500
001 0000008076
005 20071115093000.0
008 021119n
020 |a 9283314794 
090 0 0 |a HD73   |b .D48 
245 0 0 |a Development strategies for the 1980's :   |b report of the Asian Productivity Congress, Hong Kong, 27-30 October 1980. 
260 2 |a Tokyo :   |b Asian Productivity Organization ,   |c 1981. 
300 |a 184 p. ; ;   |c 28 cm. 
500 |a Includes index 
650 0 |a Economic development   |v Congresses 
745 0 0 |a Asian Productivity Congresses [Hong Kong: October] 
999 |a 1000009717   |b Book   |c OPEN SHELF (30 DAYS)   |e Gong Badak Campus